[Event "Campeonato España Sub 12"]
[Site "Salobreña"]
[Date "2017.07.11"]
[Round "3"]
[White "Garcia Molina, Jose"]
[Black "Zhou, Lulu"]
[Result "1/2-1/2"]
[Board "4"]
[WhiteClock "1:30"]
[WhiteElo "1657"]
[WhiteCountry "ESP"]
[WhiteFideId "32030592"]
[WhiteEloChange "7"]
[BlackClock "1:30"]
[BlackElo "1964"]
[BlackCountry "ESP"]
[BlackFideId "24540943"]
[BlackEloChange "-7"]

1. d4 {[%clk 1:30:00]} Nf6 {[%clk 1:30:00]} 2. c4 {[%clk 1:31:00]} g6 {[%clk
1:30:00]} 3. Nc3 {[%clk 1:30:00]} Bg7 {[%clk 1:30:00]} 4. e4 {[%clk 1:31:00]} d6
{[%clk 1:30:00]} 5. f3 {[%clk 1:31:00]} Nbd7 {[%clk 1:30:00]} 6. Be3 {[%clk
1:30:00]} O-O {[%clk 1:28:00]} 7. Nge2 {[%clk 1:27:00]} c5 {[%clk 1:22:00]} 8.
Qd2 {[%clk 1:20:00]} Re8 {[%clk 1:16:00]} 9. O-O-O {[%clk 1:13:00]} cxd4 {[%clk
1:16:00]} 10. Nxd4 {[%clk 1:13:00]} Nc5 {[%clk 1:13:00]} 11. Bh6 {[%clk 1:09:00]}
Ne6 {[%clk 1:02:00]} 12. Bxg7 {[%clk 1:08:00]} Kxg7 {[%clk 1:03:00]} 13. g4
{[%clk 1:04:00]} Qb6 {[%clk 1:00:00]} 14. Be2 {[%clk 1:03:00]} Nxd4 {[%clk
0:57:00]} 15. Qxd4 {[%clk 1:03:00]} Qxd4 {[%clk 0:58:00]} 16. Rxd4 {[%clk
1:03:00]} a6 {[%clk 0:56:00]} 17. Rhd1 {[%clk 0:56:00]} Be6 {[%clk 0:54:00]} 18.
Kb1 {[%clk 0:55:00]} g5 {[%clk 0:51:00]} 19. h4 {[%clk 0:51:00]} h6 {[%clk
0:51:00]} 20. h5 {[%clk 0:46:00]} Nd7 {[%clk 0:51:00]} 21. R1d2 {[%clk 0:41:00]}
Ne5 {[%clk 0:49:00]} 22. b3 {[%clk 0:38:00]} Rac8 {[%clk 0:48:00]} 23. Kb2 {[%clk
0:38:00]} Rc7 {[%clk 0:48:00]} 24. Nd1 {[%clk 0:37:00]} Ra8 {[%clk 0:48:00]} 25.
Nc3 {[%clk 0:37:00]} Rac8 {[%clk 0:48:00]} 26. a4 {[%clk 0:35:00]} f6 {[%clk
0:39:00]} 27. Rd1 {[%clk 0:29:00]} Rd7 {[%clk 0:36:00]} 28. R1d2 {[%clk 0:28:00]}
Rcd8 {[%clk 0:36:00]} 29. Nd1 {[%clk 0:28:00]} Bf7 {[%clk 0:32:00]} 30. Ne3
{[%clk 0:28:00]} e6 {[%clk 0:32:00]} 31. Kc3 {[%clk 0:27:00]} Be8 {[%clk
0:32:00]} 32. Kb2 {[%clk 0:25:00]} Kf7 {[%clk 0:29:00]} 33. Kc3 {[%clk 0:25:00]}
a5 {[%clk 0:29:00]} 34. Kb2 {[%clk 0:25:00]} Ke7 {[%clk 0:29:00]} 35. Nd1 {[%clk
0:25:00]} Nc6 {[%clk 0:23:00]} 36. R4d3 {[%clk 0:25:00]} Nb4 {[%clk 0:23:00]} 37.
Rc3 {[%clk 0:24:00]} d5 {[%clk 0:22:00]} 38. cxd5 {[%clk 0:24:00]} exd5 {[%clk
0:22:00]} 39. Bb5 {[%clk 0:24:00]} d4 {[%clk 0:19:50]} 40. Rc4 {[%clk 0:22:00]}
Nc6 {[%clk 0:19:47]} 41. Bxc6 {[%clk 0:20:00]} bxc6 {[%clk 0:20:00]} 42. Rd3
{[%clk 0:19:57]} Rd6 {[%clk 0:15:01]} 43. Rc5 {[%clk 0:17:37]} Ra8 {[%clk
0:15:25]} 44. Nf2 {[%clk 0:17:44]} Ke6 {[%clk 0:11:56]} 45. Nh1 {[%clk 0:17:53]}
Bd7 {[%clk 0:10:56]} 46. Ng3 {[%clk 0:18:18]} Ke7 {[%clk 0:09:58]} 47. Ne2 {[%clk
0:18:16]} Be6 {[%clk 0:07:38]} 48. Rxd4 {[%clk 0:18:27]} Rb8 {[%clk 0:06:33]} 49.
Rc3 {[%clk 0:17:39]} c5 {[%clk 0:06:04]} 50. Rxd6 {[%clk 0:18:00]} Kxd6 {[%clk
0:06:30]} 51. Kc2 {[%clk 0:17:54]} Rb4 {[%clk 0:06:03]} 52. Nc1 {[%clk 0:14:46]}
c4 {[%clk 0:06:19]} 53. bxc4 {[%clk 0:15:00]} Rxc4 {[%clk 0:05:44]} 54. Rxc4
{[%clk 0:15:09]} Bxc4 {[%clk 0:06:10]} 55. Kc3 {[%clk 0:13:35]} Be6 {[%clk
0:05:48]} 56. Kd4 {[%clk 0:13:48]} Bd7 {[%clk 0:06:05]} 57. Nb3 {[%clk 0:13:27]}
Bxa4 {[%clk 0:06:02]} 58. Nxa5 {[%clk 0:13:53]} Bd1 {[%clk 0:06:20]} 59. Nc4+
{[%clk 0:14:12]} Ke6 {[%clk 0:06:33]} 60. Ke3 {[%clk 0:14:13]} Bb3 {[%clk
0:06:36]} 61. Nd2 {[%clk 0:14:27]} Ba4 {[%clk 0:06:20]} 62. Nf1 {[%clk 0:14:47]}
Kf7 {[%clk 0:06:13]} 63. Ng3 {[%clk 0:15:10]} Kg7 {[%clk 0:06:29]} 64. Nf5+
{[%clk 0:15:28]} Kh7 {[%clk 0:06:44]} 65. Kd3 {[%clk 0:15:30]} Bd1 {[%clk
0:06:30]} 66. Nd4 {[%clk 0:15:51]} Kg7 {[%clk 0:05:54]} 67. Kc4 {[%clk 0:16:13]}
Kf7 {[%clk 0:06:00]} 68. Kd5 {[%clk 0:16:19]} Ke7 {[%clk 0:05:20]} 69. e5 {[%clk
0:16:38]} fxe5 {[%clk 0:04:56]} 70. Kxe5 {[%clk 0:17:07]} Kf7 {[%clk 0:05:37]}
71. Kf5 {[%clk 0:16:26]} Ba4 {[%clk 0:05:37]} 72. Ke4 {[%clk 0:16:32]} Kg7 {[%clk
0:05:44]} 73. Kf5 {[%clk 0:16:37]} Bd7+ {[%clk 0:05:58]} 74. Ke5 {[%clk 0:16:51]}
Bc8 {[%clk 0:06:00]} 75. Ne6+ {[%clk 0:14:52]} Kf7 {[%clk 0:05:25]} 76. Nd8+
{[%clk 0:14:44]} Kg7 {[%clk 0:04:31]} 77. Nc6 {[%clk 0:13:23]} Bb7 {[%clk
0:04:45]} 78. Nd4 {[%clk 0:13:52]} Ba8 {[%clk 0:04:24]} 79. Ke6 {[%clk 0:14:17]}
Bb7 {[%clk 0:04:42]} 80. Ke7 {[%clk 0:14:18]} Bd5 {[%clk 0:04:18]} 81. Kd6 {[%clk
0:13:52]} Bb7 {[%clk 0:04:29]} 82. Ke6 {[%clk 0:14:17]} Ba8 {[%clk 0:04:29]} 83.
Nf5+ {[%clk 0:14:27]} Kh7 {[%clk 0:04:52]} 84. Nd4 {[%clk 0:14:27]} Bb7 {[%clk
0:04:58]} 85. Kf7 {[%clk 0:14:56]} Ba8 {[%clk 0:05:00]} 86. Kf6 {[%clk 0:15:16]}
Bd5 {[%clk 0:05:03]} 87. Ke5 {[%clk 0:15:45]} Bb7 {[%clk 0:05:13]} 88. f4 {[%clk
0:16:12]} gxf4 {[%clk 0:05:29]} 89. Kxf4 {[%clk 0:16:37]} Bc8 {[%clk 0:05:52]}
90. Nf3 {[%clk 0:16:58]} Bd7 {[%clk 0:05:58]} 91. Ne5 {[%clk 0:17:27]} Be6 {[%clk
0:06:21]} 92. g5 {[%clk 0:17:21]} hxg5+ {[%clk 0:06:21]} 93. Kxg5 {[%clk
0:17:21]} Bb3 {[%clk 0:06:21]} 94. h6 {[%clk 0:17:21]} Bc2 {[%clk 0:06:21]} 95.
Nd7 {[%clk 0:17:21]} 1/2-1/2

[Event "Campeonato España Sub 12"]
[Site "Salobreña"]
[Date "2017.07.11"]
[Round "3"]
[White "Cesar Maestre, Bernardo"]
[Black "Villalba Embid, Marcos"]
[Result "0-1"]
[Board "5"]
[WhiteClock "1:30"]
[WhiteElo "1626"]
[WhiteCountry "ESP"]
[WhiteFideId "24542547"]
[WhiteEloChange "-4"]
[BlackClock "1:30"]
[BlackElo "1868"]
[BlackCountry "ESP"]
[BlackFideId "24505277"]
[BlackEloChange "4"]

1. d4 {[%clk 1:30:00]} Nf6 {[%clk 1:30:00]} 2. c3 {[%clk 1:30:00]} g6 {[%clk
1:30:00]} 3. Bf4 {[%clk 1:30:00]} Bg7 {[%clk 1:30:00]} 4. Nf3 {[%clk 1:31:00]}
O-O {[%clk 1:30:00]} 5. e3 {[%clk 1:31:00]} d6 {[%clk 1:31:00]} 6. Bd3 {[%clk
1:31:00]} Nbd7 {[%clk 1:31:00]} 7. e4 {[%clk 1:31:00]} Qe8 {[%clk 1:30:00]} 8.
O-O {[%clk 1:30:00]} e5 {[%clk 1:30:00]} 9. dxe5 {[%clk 1:30:00]} dxe5 {[%clk
1:30:00]} 10. Bg5 {[%clk 1:30:00]} Nc5 {[%clk 1:29:00]} 11. Bxf6 {[%clk 1:23:00]}
Bxf6 {[%clk 1:29:00]} 12. Bc2 {[%clk 1:23:00]} Bg4 {[%clk 1:27:00]} 13. h3 {[%clk
1:23:00]} Rd8 {[%clk 1:26:00]} 14. Qe2 {[%clk 1:23:00]} Bc8 {[%clk 1:26:00]} 15.
Na3 {[%clk 1:22:00]} b6 {[%clk 1:22:00]} 16. Rad1 {[%clk 1:18:00]} Qe7 {[%clk
1:15:00]} 17. Rxd8 {[%clk 1:16:00]} Rxd8 {[%clk 1:15:00]} 18. Rd1 {[%clk
1:17:00]} Ba6 {[%clk 1:14:00]} 19. Rxd8+ {[%clk 1:15:00]} Qxd8 {[%clk 1:14:00]}
20. Qd2 {[%clk 1:14:00]} Qa8 {[%clk 1:09:00]} 21. Qe1 {[%clk 1:06:00]} Nd3 {[%clk
1:00:00]} 22. Qe2 {[%clk 1:00:00]} Nb4 {[%clk 0:59:00]} 23. Qe3 {[%clk 0:56:00]}
Nxc2 {[%clk 0:59:00]} 24. Nxc2 {[%clk 0:57:00]} Bb7 {[%clk 0:48:00]} 25. Nd2
{[%clk 0:57:00]} Qd8 {[%clk 0:48:00]} 26. Qe2 {[%clk 0:52:00]} h6 {[%clk
0:41:00]} 27. Nf1 {[%clk 0:45:00]} Bg5 {[%clk 0:40:00]} 28. b3 {[%clk 0:39:00]}
Qd6 {[%clk 0:37:00]} 29. c4 {[%clk 0:36:00]} c6 {[%clk 0:36:00]} 30. Kh1 {[%clk
0:35:00]} Kg7 {[%clk 0:35:00]} 31. Kg1 {[%clk 0:35:00]} b5 {[%clk 0:36:00]} 32.
Nfe3 {[%clk 0:33:00]} Ba6 {[%clk 0:32:00]} 33. cxb5 {[%clk 0:20:00]} Bxb5 {[%clk
0:32:00]} 34. Qd1 {[%clk 0:20:00]} Qxd1+ {[%clk 0:31:00]} 35. Nxd1 {[%clk
0:21:00]} Bd3 {[%clk 0:31:00]} 36. Nb4 {[%clk 0:18:30]} Bxe4 {[%clk 0:30:00]} 37.
Nc3 {[%clk 0:17:53]} Bd2 {[%clk 0:30:00]} 38. Nxe4 {[%clk 0:17:23]} Bxb4 {[%clk
0:30:00]} 39. Kf1 {[%clk 0:18:12]} f5 {[%clk 0:30:00]} 40. Ng3 {[%clk 0:16:28]}
Kf6 {[%clk 0:29:00]} 41. Ne2 {[%clk 0:15:48]} Ke6 {[%clk 0:28:00]} 42. Nc1 {[%clk
0:15:55]} e4 {[%clk 0:28:00]} 43. a4 {[%clk 0:16:05]} Ke5 {[%clk 0:28:00]} 44.
Na2 {[%clk 0:15:21]} c5 {[%clk 0:28:00]} 45. Ke2 {[%clk 0:15:30]} Kd4 {[%clk
0:28:00]} 46. h4 {[%clk 0:15:44]} f4 {[%clk 0:28:00]} 47. f3 {[%clk 0:14:16]} e3
{[%clk 0:26:00]} 48. Nc1 {[%clk 0:14:38]} Kc3 {[%clk 0:26:00]} 49. Nd3 {[%clk
0:14:58]} g5 {[%clk 0:25:00]} 50. hxg5 {[%clk 0:14:42]} hxg5 {[%clk 0:25:00]} 51.
Ne5 {[%clk 0:15:24]} Kxb3 {[%clk 0:26:00]} 52. Nf7 {[%clk 0:15:45]} c4 {[%clk
0:15:57]} 53. Nxg5 {[%clk 0:26:00]} c3 {[%clk 0:16:05]} 54. Ne6 {[%clk 0:26:00]}
c2 {[%clk 0:15:39]} 55. Nd4+ {[%clk 0:16:07]} Kc3 {[%clk 0:26:00]} 56. Nxc2
{[%clk 0:16:01]} Kxc2 {[%clk 0:26:00]} 57. a5 {[%clk 0:16:01]} a6 {[%clk
0:26:00]} 58. g4 {[%clk 0:16:01]} Be7 {[%clk 0:26:00]} 59. Ke1 {[%clk 0:16:01]}
Bh4+ {[%clk 0:26:00]} 60. Ke2 {[%clk 0:16:01]} Kc1 {[%clk 0:26:00]} 61. Kd3
{[%clk 0:16:01]} Kd1 {[%clk 0:26:00]} 62. Ke4 {[%clk 0:16:01]} e2 {[%clk
0:26:00]} 63. Kxf4 {[%clk 0:16:01]} e1Q {[%clk 0:26:00]} 64. g5 {[%clk 0:16:01]}
Bxg5+ {[%clk 0:26:00]} 65. Kxg5 {[%clk 0:16:01]} Qg3+ {[%clk 0:26:00]} 66. Kf5
{[%clk 0:16:01]} Qxf3+ {[%clk 0:26:00]} 67. Ke5 {[%clk 0:16:01]} Qh5+ {[%clk
0:26:00]} 68. Kd6 {[%clk 0:16:01]} Kd2 {[%clk 0:26:00]} 69. Kc6 {[%clk 0:16:01]}
Kc3 {[%clk 0:26:00]} 70. Kb6 {[%clk 0:16:01]} Qb5+ {[%clk 0:26:00]} 71. Ka7
{[%clk 0:16:01]} Kc4 {[%clk 0:26:00]} 72. Ka8 {[%clk 0:16:01]} Kc5 {[%clk
0:26:00]} 73. Ka7 {[%clk 0:16:01]} Kc6 {[%clk 0:26:00]} 74. Ka8 {[%clk 0:16:01]}
Qb7# {[%clk 0:26:00]} 0-1

[Event "Campeonato España Sub 12"]
[Site "Salobreña"]
[Date "2017.07.11"]
[Round "3"]
[White "Reguillaga Elias, Manex"]
[Black "Moll Gener, Joan"]
[Result "1/2-1/2"]
[Board "6"]
[WhiteClock "1:30"]
[WhiteElo "1817"]
[WhiteCountry "ESP"]
[WhiteFideId "24516341"]
[WhiteEloChange "-6"]
[BlackClock "1:30"]
[BlackElo "1593"]
[BlackCountry "ESP"]
[BlackFideId "24505960"]
[BlackEloChange "6"]

1. d4 {[%clk 1:30:00]} Nf6 {[%clk 1:30:00]} 2. c4 {[%clk 1:31:00]} g6 {[%clk
1:31:00]} 3. Nc3 {[%clk 1:31:00]} Bg7 {[%clk 1:31:00]} 4. e4 {[%clk 1:32:00]} d6
{[%clk 1:31:00]} 5. Nf3 {[%clk 1:32:00]} O-O {[%clk 1:32:00]} 6. Be2 {[%clk
1:32:00]} Bg4 {[%clk 1:30:00]} 7. d5 {[%clk 1:32:00]} Bxf3 {[%clk 1:28:00]} 8.
gxf3 {[%clk 1:32:00]} Nfd7 {[%clk 1:28:00]} 9. Be3 {[%clk 1:31:00]} Bxc3+ {[%clk
1:24:00]} 10. bxc3 {[%clk 1:31:00]} Na6 {[%clk 1:25:00]} 11. Bh6 {[%clk 1:31:00]}
Re8 {[%clk 1:21:00]} 12. Qd4 {[%clk 1:31:00]} f6 {[%clk 1:21:00]} 13. f4 {[%clk
1:31:00]} Nac5 {[%clk 1:19:00]} 14. Bg4 {[%clk 1:24:00]} e5 {[%clk 1:02:00]} 15.
dxe6 {[%clk 1:19:00]} Nxe6 {[%clk 1:02:00]} 16. Bxe6+ {[%clk 1:18:00]} Rxe6
{[%clk 1:02:00]} 17. Qd5 {[%clk 1:19:00]} Nc5 {[%clk 1:01:00]} 18. f5 {[%clk
1:19:00]} c6 {[%clk 1:01:00]} 19. Qd1 {[%clk 1:16:00]} Rxe4+ {[%clk 0:59:00]} 20.
Kf1 {[%clk 1:14:00]} d5 {[%clk 0:53:00]} 21. fxg6 {[%clk 1:06:00]} hxg6 {[%clk
0:53:00]} 22. Rg1 {[%clk 1:05:00]} Kf7 {[%clk 0:53:00]} 23. Qc2 {[%clk 1:02:00]}
Qd7 {[%clk 0:50:00]} 24. Rg3 {[%clk 0:58:00]} Qf5 {[%clk 0:48:00]} 25. Kg2 {[%clk
0:57:00]} Re5 {[%clk 0:41:00]} 26. Qxf5 {[%clk 0:54:00]} Rxf5 {[%clk 0:41:00]}
27. cxd5 {[%clk 0:52:00]} cxd5 {[%clk 0:40:00]} 28. Be3 {[%clk 0:51:00]} Ne6
{[%clk 0:33:00]} 29. Rd1 {[%clk 0:44:00]} b6 {[%clk 0:29:00]} 30. Rh3 {[%clk
0:41:00]} Kg7 {[%clk 0:27:00]} 31. Rf3 {[%clk 0:38:00]} Rxf3 {[%clk 0:26:00]} 32.
Kxf3 {[%clk 0:38:00]} Rd8 {[%clk 0:26:00]} 33. a4 {[%clk 0:36:00]} Kf7 {[%clk
0:19:50]} 34. Ke2 {[%clk 0:27:00]} Nc5 {[%clk 0:16:26]} 35. Rd4 {[%clk 0:24:00]}
Ne4 {[%clk 0:15:54]} 36. Kd3 {[%clk 0:23:00]} Ke6 {[%clk 0:14:54]} 37. c4 {[%clk
0:22:00]} f5 {[%clk 0:09:44]} 38. h4 {[%clk 0:17:33]} Ke5 {[%clk 0:06:00]} 39.
f4+ {[%clk 0:14:02]} Ke6 {[%clk 0:06:24]} 40. Kc2 {[%clk 0:09:52]} Nf6 {[%clk
0:03:55]} 41. Kc3 {[%clk 0:09:37]} Kd6 {[%clk 0:04:09]} 42. Kb4 {[%clk 0:09:15]}
Kc6 {[%clk 0:04:31]} 43. Rd1 {[%clk 0:08:06]} a5+ {[%clk 0:03:33]} 44. Ka3 {[%clk
0:07:35]} Re8 {[%clk 0:03:48]} 45. Bd4 {[%clk 0:06:03]} Nd7 {[%clk 0:03:07]} 46.
cxd5+ {[%clk 0:06:22]} Kd6 {[%clk 0:03:31]} 47. Bb2 {[%clk 0:02:24]} Re3+ {[%clk
0:03:21]} 48. Ka2 {[%clk 0:02:46]} Re4 {[%clk 0:03:31]} 49. Ba3+ {[%clk 0:02:15]}
Nc5 {[%clk 0:02:07]} 50. Rg1 {[%clk 0:02:19]} Kxd5 {[%clk 0:01:02]} 51. Rxg6
{[%clk 0:02:06]} Ne6 {[%clk 0:01:26]} 52. h5 {[%clk 0:01:33]} Rxf4 {[%clk
0:01:32]} 53. Rf6 {[%clk 0:01:40]} Ke5 {[%clk 0:01:26]} 54. Bb2+ {[%clk 0:01:59]}
Kd5 {[%clk 0:01:53]} 55. h6 {[%clk 0:02:22]} Rxa4+ {[%clk 0:02:10]} 56. Kb1
{[%clk 0:02:33]} Rh4 {[%clk 0:02:32]} 57. Rxf5+ {[%clk 0:02:58]} Kc4 {[%clk
0:01:34]} 58. Rf6 {[%clk 0:03:01]} Nc5 {[%clk 0:01:53]} 59. Rxb6 {[%clk 0:01:53]}
1/2-1/2

[Event "Campeonato España Sub 12"]
[Site "Salobreña"]
[Date "2017.07.11"]
[Round "3"]
[White "Navajas Alvarez, Josep"]
[Black "Navajas Alvarez, Josep"]
[Result "0-1"]
[Board "7"]
[WhiteClock "1:30"]
[WhiteElo "1619"]
[WhiteCountry "ESP"]
[WhiteFideId "24538523"]
[WhiteEloChange "-10"]
[BlackClock "1:30"]
[BlackElo "1619"]
[BlackCountry "ESP"]
[BlackFideId "24538523"]
[BlackEloChange "10"]

1. c4 {[%clk 1:30:00]} Nf6 {[%clk 1:30:00]} 2. Nc3 {[%clk 1:30:00]} d5 {[%clk
1:30:00]} 3. cxd5 {[%clk 1:28:00]} Nxd5 {[%clk 1:31:00]} 4. Nf3 {[%clk 1:27:00]}
g6 {[%clk 1:29:00]} 5. d4 {[%clk 1:25:00]} Nxc3 {[%clk 1:28:00]} 6. bxc3 {[%clk
1:25:00]} Bg7 {[%clk 1:29:00]} 7. g3 {[%clk 1:23:00]} O-O {[%clk 1:21:00]} 8. Bg2
{[%clk 1:19:00]} c5 {[%clk 1:20:00]} 9. O-O {[%clk 1:17:00]} Nc6 {[%clk 1:16:00]}
10. Bb2 {[%clk 1:12:00]} Qb6 {[%clk 1:07:00]} 11. Qd2 {[%clk 1:06:00]} Rd8 {[%clk
1:06:00]} 12. e3 {[%clk 1:00:00]} Na5 {[%clk 1:00:00]} 13. Qe2 {[%clk 0:52:00]}
Be6 {[%clk 0:59:00]} 14. Rfd1 {[%clk 0:47:00]} Rac8 {[%clk 0:54:00]} 15. Ba3
{[%clk 0:35:00]} Bc4 {[%clk 0:48:00]} 16. Qe1 {[%clk 0:33:00]} cxd4 {[%clk
0:47:00]} 17. cxd4 {[%clk 0:33:00]} Nc6 {[%clk 0:46:00]} 18. Rdc1 {[%clk
0:26:00]} Bd3 {[%clk 0:41:00]} 19. Qd2 {[%clk 0:24:00]} Be4 {[%clk 0:41:00]} 20.
Qe2 {[%clk 0:23:00]} Qa5 {[%clk 0:38:00]} 21. Bb2 {[%clk 0:22:00]} e6 {[%clk
0:35:00]} 22. Nd2 {[%clk 0:19:39]} Bxg2 {[%clk 0:35:00]} 23. Kxg2 {[%clk
0:20:00]} Qd5+ {[%clk 0:31:00]} 24. Nf3 {[%clk 0:19:28]} Qd6 {[%clk 0:27:00]} 25.
Rab1 {[%clk 0:18:03]} b6 {[%clk 0:25:00]} 26. a3 {[%clk 0:16:46]} e5 {[%clk
0:22:00]} 27. dxe5 {[%clk 0:16:10]} Nxe5 {[%clk 0:22:00]} 28. Nxe5 {[%clk
0:15:55]} Bxe5 {[%clk 0:22:00]} 29. Bxe5 {[%clk 0:15:44]} Qxe5 {[%clk 0:22:00]}
30. Qa6 {[%clk 0:14:26]} Rc7 {[%clk 0:21:00]} 31. Rd1 {[%clk 0:12:13]} Rxd1
{[%clk 0:19:00]} 32. Rxd1 {[%clk 0:12:33]} Qe4+ {[%clk 0:19:08]} 33. Kg1 {[%clk
0:12:08]} Kg7 {[%clk 0:19:15]} 34. Qb5 {[%clk 0:11:32]} Rc5 {[%clk 0:17:32]} 35.
Qb2+ {[%clk 0:11:47]} Kh6 {[%clk 0:16:49]} 36. Rd4 {[%clk 0:11:44]} Qe5 {[%clk
0:16:49]} 37. Rh4+ {[%clk 0:11:21]} Kg7 {[%clk 0:17:12]} 38. Qd2 {[%clk 0:11:10]}
Rd5 {[%clk 0:15:59]} 39. Qc1 {[%clk 0:10:36]} Rc5 {[%clk 0:15:04]} 40. Qd1 {[%clk
0:10:06]} Rd5 {[%clk 0:13:35]} 41. Qc1 {[%clk 0:10:19]} Rd3 {[%clk 0:12:41]} 42.
a4 {[%clk 0:10:09]} Qd5 {[%clk 0:12:15]} 43. Qb2+ {[%clk 0:10:17]} f6 {[%clk
0:12:34]} 44. e4 {[%clk 0:08:44]} Qd4 {[%clk 0:11:41]} 45. Qc2 {[%clk 0:07:35]}
Rc3 {[%clk 0:11:39]} 46. Qa2 {[%clk 0:07:01]} h6 {[%clk 0:07:26]} 47. Qe2 {[%clk
0:03:15]} Rc1+ {[%clk 0:05:31]} 48. Kg2 {[%clk 0:03:22]} Qc4 {[%clk 0:05:37]} 49.
Qxc4 {[%clk 0:02:25]} Rxc4 {[%clk 0:06:00]} 50. e5 {[%clk 0:01:55]} Rxh4 {[%clk
0:06:23]} 51. exf6+ {[%clk 0:02:16]} Kxf6 {[%clk 0:06:49]} 52. gxh4 {[%clk
0:02:43]} Kf5 {[%clk 0:07:00]} 53. Kf3 {[%clk 0:02:56]} a6 {[%clk 0:07:25]} 54.
h3 {[%clk 0:02:14]} h5 {[%clk 0:07:36]} 55. Ke3 {[%clk 0:02:31]} Ke5 {[%clk
0:07:55]} 56. f4+ {[%clk 0:02:50]} Kd5 {[%clk 0:08:10]} 57. Kd3 {[%clk 0:02:39]}
b5 {[%clk 0:08:33]} 58. a5 {[%clk 0:01:13]} b4 {[%clk 0:08:53]} 59. Ke3 {[%clk
0:00:57]} Kc4 {[%clk 0:08:58]} 60. f5 {[%clk 0:00:51]} gxf5 {[%clk 0:09:21]} 61.
Kf4 {[%clk 0:01:16]} b3 {[%clk 0:09:40]} 62. Kxf5 {[%clk 0:01:35]} b2 {[%clk
0:10:05]} 63. Kg5 {[%clk 0:01:55]} b1Q {[%clk 0:10:05]} 64. Kxh5 {[%clk 0:01:55]}
Qg1 {[%clk 0:10:05]} 65. Kh6 {[%clk 0:01:55]} Kd5 {[%clk 0:10:05]} 66. h5 {[%clk
0:01:55]} Ke6 {[%clk 0:10:05]} 0-1

[Event "Campeonato España Sub 12"]
[Site "Salobreña"]
[Date "2017.07.11"]
[Round "3"]
[White "Travesset Sagre, Jan"]
[Black "Karunanithi, Bharath"]
[Result "1/2-1/2"]
[Board "8"]
[WhiteClock "1:30"]
[WhiteElo "1792"]
[WhiteCountry "ESP"]
[WhiteFideId "24538701"]
[WhiteEloChange "-7"]
[BlackClock "1:30"]
[BlackElo "1457"]
[BlackCountry "ESP"]
[BlackFideId "24534790"]
[BlackEloChange "7"]

1. Nf3 {[%clk 1:30:00]} Nf6 {[%clk 1:30:00]} 2. c4 {[%clk 1:31:00]} e6 {[%clk
1:31:00]} 3. Nc3 {[%clk 1:31:00]} c5 {[%clk 1:31:00]} 4. e3 {[%clk 1:31:00]} Nc6
{[%clk 1:32:00]} 5. Be2 {[%clk 1:30:00]} Be7 {[%clk 1:32:00]} 6. b3 {[%clk
1:30:00]} a6 {[%clk 1:29:00]} 7. Bb2 {[%clk 1:29:00]} O-O {[%clk 1:28:00]} 8. O-O
{[%clk 1:28:00]} d6 {[%clk 1:27:00]} 9. d4 {[%clk 1:28:00]} cxd4 {[%clk 1:27:00]}
10. exd4 {[%clk 1:28:00]} d5 {[%clk 1:27:00]} 11. cxd5 {[%clk 1:21:00]} Nxd5
{[%clk 1:27:00]} 12. Ne5 {[%clk 1:15:00]} Nxc3 {[%clk 1:25:00]} 13. Bxc3 {[%clk
1:15:00]} Qc7 {[%clk 1:23:00]} 14. Nxc6 {[%clk 1:15:00]} Qxc6 {[%clk 1:23:00]}
15. Rc1 {[%clk 1:15:00]} Qd7 {[%clk 1:23:00]} 16. Qc2 {[%clk 1:02:00]} b5 {[%clk
1:23:00]} 17. Bd3 {[%clk 0:57:00]} h6 {[%clk 1:23:00]} 18. Bb2 {[%clk 0:54:00]}
Bb7 {[%clk 1:20:00]} 19. Qe2 {[%clk 0:47:00]} Rac8 {[%clk 1:19:00]} 20. Be4
{[%clk 0:42:00]} Rfd8 {[%clk 1:15:00]} 21. Bxb7 {[%clk 0:35:00]} Qxb7 {[%clk
1:15:00]} 22. Rxc8 {[%clk 0:30:00]} Qxc8 {[%clk 1:15:00]} 23. Rd1 {[%clk
0:22:00]} Bf6 {[%clk 1:15:00]} 24. Qe4 {[%clk 0:21:00]} e5 {[%clk 1:15:00]} 25.
d5 {[%clk 0:15:53]} Qc7 {[%clk 1:12:00]} 26. g3 {[%clk 0:11:09]} Qd6 {[%clk
1:10:00]} 27. Qc2 {[%clk 0:06:47]} Qb6 {[%clk 1:09:00]} 28. b4 {[%clk 0:05:05]}
Qd6 {[%clk 1:09:00]} 29. Qc5 {[%clk 0:03:59]} Be7 {[%clk 1:09:00]} 30. Qe3 {[%clk
0:02:36]} Bf6 {[%clk 1:09:00]} 1/2-1/2